| 000 | 00459nam a2200145Ia 4500 | ||
|---|---|---|---|
| 008 | 231129s2008||||xx |||||||||||||| ||spa|| | ||
| 020 | _a978-958-97535-5-2 | ||
| 040 | _bspa | ||
| 082 | _a352.009861 C822d | ||
| 100 | _aCorporación Transparencia por Colombia | ||
| 245 | 0 | _a10 años de transparencia por Colombia | |
| 260 | _c2008 | ||
| 264 | _aBogotá Colombia : Corporación Transparencia por Colombia | ||
| 942 |
_2ddc _cBKS |
||
| 999 |
_c4144 _d4144 |
||